Punjab Today / (Record no. 122872)

MARC details
000 -LEADER
fixed length control field 00771nam a22002417a 4500
005 - DATE AND TIME OF LATEST TRANSACTION
control field 20170124105916.0
010 ## - LIBRARY OF CONGRESS CONTROL NUMBER
LC control number B-223554
020 ## - INTERNATIONAL STANDARD BOOK NUMBER
International Standard Book Number 9788176297028
Terms of availability 480.00
035 ## - SYSTEM CONTROL NUMBER
System control number B-223554
037 ## - SOURCE OF ACQUISITION
Source of stock number/acquisition Cen Lib/Ret
040 ## - CATALOGING SOURCE
Original cataloging agency DPL
Language of cataloging EN
082 ## - DEWEY DECIMAL CLASSIFICATION NUMBER
Classification number 338.95412
Item number MAN
100 ## - MAIN ENTRY--PERSONAL NAME
Personal name Mandeep Singh
9 (RLIN) 2813
245 ## - TITLE STATEMENT
Title Punjab Today /
Statement of responsibility, etc by Mandeep Singh [and] Harvinder Kaur
260 ## - PUBLICATION, DISTRIBUTION, ETC. (IMPRINT)
Place of publication, distribution, etc New Delhi
Name of publisher, distributor, etc Deep and Deep Publications
Date of publication, distribution, etc 2005
270 ## - ADDRESS
Address F-159,Rajouri Garden
City New Delhi
Postal code 110027
300 ## - PHYSICAL DESCRIPTION
Extent xi,292p.
Dimensions 23cm(Hb)
500 ## - GENERAL NOTE
General note Includes bibliographical reference and index
650 ## - SUBJECT ADDED ENTRY--TOPICAL TERM
Topical term or geographic name as entry element Geographical Area
Geographic subdivision Punjab
9 (RLIN) 2814
650 ## - SUBJECT ADDED ENTRY--TOPICAL TERM
Topical term or geographic name as entry element Human Resource Development
9 (RLIN) 2815
700 ## - ADDED ENTRY--PERSONAL NAME
Personal name Kaur,Harvinder
9 (RLIN) 59076
942 ## - ADDED ENTRY ELEMENTS (KOHA)
Source of classification or shelving scheme Dewey Decimal Classification
Koha item type English Books
Classification part 338.95412
Call number suffix MAN
Holdings
Withdrawn status Lost status Damaged status Not for loan Collection code Home library Current library Date acquired Source of acquisition Cost, normal purchase price Total Checkouts Full call number Barcode Date last seen Copy number Cost, replacement price Price effective from Koha item type
      Not For Loan Reference Central Library Central Library 30/05/2015 Cen Lib/Ret 480.00   338.95412 MAN B-223554 30/05/2015 1 480.00 30/05/2015 English Books
      Not For Loan Reference Central Library Central Library 19/06/2015 Cen Lib/Ret 480.00   338.95412 MAN B-223553 19/06/2015 2 480.00 15/09/2016 English Books

© Delhi Public Library
Hit Counter
free hit counter